Les joueurs français jouant en Premier League - Statistiques

Statistiques générales
  • Ce quiz a été pris 132 fois
    3 depuis la dernière actualisation
  • Le résultat moyen est 27 sur 42
Statistiques - réponses
Club Poste Joueur % Correct
Sunderland Milieu de terrain Abdoullah Ba
100%
Bournemouth Défenseur Adrien Truffert
100%
West Ham Gardien de but Alphonse Areola
100%
Aston Villa Milieu de terrain Boubacar Kamara
100%
Liverpool Attaquant Hugo Ekitiké
100%
Liverpool Défenseur Ibrahima Konaté
100%
Leeds United Gardien de but Illan Meslier
100%
Fulham Défenseur Issa Diop
100%
Aston Villa Défenseur Lucas Digne
100%
Chelsea Défenseur Malo Gusto
100%
Crystal Palace Défenseur Maxence Lacroix
100%
Sunderland Défenseur Nordi Mukiele
100%
Manchester City Attaquant Rayan Cherki
100%
Everton Attaquant Thierno Barry
100%
Chelsea Défenseur Wesley Fofana
100%
Arsenal Défenseur William Saliba
100%
Sunderland Attaquant Wilson Isidor
100%
Nottingham Forest Attaquant Arnaud Kalimuendo
50%
Chelsea Défenseur Axel Disasi
50%
Bournemouth Défenseur Bafodé Diakité
50%
Fulham Gardien de but Benjamin Lecomte
50%
Chelsea Défenseur Benoît Badiashile
50%
Nottingham Forest Attaquant Dilane Bakwa
50%
Bournemouth Attaquant Eli Kroupi
50%
Sunderland Milieu de terrain Enzo Lefée
50%
Brighton Attaquant Georginio Rutter
50%
Crystal Palace Défenseur Jaydee Canvot
50%
West Ham Défenseur Jean-Clair Todibo
50%
Crystal Palace Attaquant Jean-Philippe Mateta
50%
Wolverhampton Milieu de terrain Jean-Ricner Bellegarde
50%
Manchester United Défenseur Leny Yoro
50%
Burnley Milieu de terrain Lesley Ugochukwu
50%
Tottenham Attaquant Mathys Tel
50%
Brighton Défenseur Olivier Boscagli
50%
Tottenham Attaquant Randal Kolo Muani
50%
Bournemouth Attaquant Romain Faivre
50%
Tottenham Attaquant Wilson Odobert
50%
Burnley Attaquant Loum Tchaouna
0%
Burnley Défenseur Maxime Estève
0%
Crystal Palace Milieu de terrain Naouirou Ahamada
0%
West Ham Milieu de terrain Soungoutou Magassa
0%
Sunderland Défenseur Timothée Pembélé
0%
Aucun quiz correspondant
Distribution des résultats
% des personnes avec chaque résultat
Percentile par nombre de réponses
Votre historique - résultats
Vous n’avez pas pris ce quiz depuis la dernière actualisation